| 000 | 00537nam a22001817a 4500 | ||
|---|---|---|---|
| 003 | CEME | ||
| 005 | 20210628210043.0 | ||
| 008 | 210211b xxu||||| |||| 00| 0 eng d | ||
| 020 | _a0-7506-4282-3 | ||
| 040 | _c. | ||
| 082 | _a620.0042 SAM | ||
| 100 |
_aSamuel, Andrew Weir, John _978010 |
||
| 245 | _aIntroduction to engineering design modelling synthesis and problem solving strategies | ||
| 260 |
_aOXFORD _bBUTTERWORTH HEINEMANN _c1999 |
||
| 300 | _a405P | ||
| 650 |
_aENGINEERING DESIGN-INTRODUCTION _978011 |
||
| 942 |
_cBK _2ddc |
||
| 999 |
_c583170 _d583170 |
||